Statistics for Guess the Taylor Swift song with no hints #3

Click here to take the quiz!

General Stats

  • This quiz has been taken 175 times
  • The average score is 196 of 280

Answer Stats

Answer% Correct
I
100%
you
98%
the
97%
me
95%
your
95%
it
91%
you're
91%
and
89%
my
89%
so
88%
in
87%
no
87%
do
86%
i'm
86%
that
86%
to
86%
is
85%
be
84%
this
84%
like
82%
not
82%
but
81%
it's
81%
It's
81%
don't
80%
all
79%
All
79%
of
79%
for
78%
can
76%
know
73%
time
73%
if
72%
I've
71%
did
70%
was
70%
tell
69%
up
66%
have
64%
now
64%
been
63%
sorry
63%
'cause
61%
out
61%
would
60%
didn't
58%
baby
57%
believe
57%
down
57%
last
57%
had
55%
never
52%
before
51%
loved
51%
got
50%
come
49%
every
49%
wanna
49%
won't
49%
anymore
46%
gone
45%
we'll
45%
around
43%
life
43%
nothing
43%
let
42%
there's
42%
would've
40%
call
39%
hurt
39%
left
39%
thinking
39%
could've
38%
phone
38%
pick
38%
away
37%
long
37%
again
36%
fine
36%
hoping
36%
straw
36%
waiting
36%
being
34%
used
34%
hadn't
32%
asking
31%
figured
31%
cold
30%
tired
30%
wasting
30%
might
29%
taking
29%
giving
28%
each
27%
looking
27%
secrets
27%
chances
26%
honey
26%
listen
26%
share
26%
watched
26%
worked
26%
beg
25%
fade
23%
bright
22%
innocent
22%
shine
22%
crawling
18%

Score Distribution

Percentile by Number Answered

Percent of People with Each Score

Your Score History

You have not taken this quiz